00969nam a2200265 a 450000100060000000300080000600500170001400800410003103500190007204000270009104100080011808200260012610000550015224500950020725000130030226000400031530000330035550000340038850400530042265000300047570000300050594200120053599900170054795201390056470522BD-RjUL20211209082018.0170418s1955 nyua b 001 0 eng d a(BD-RjUL)70736 aDLCcDLCbengdBD-RjUL aeng00a515.243223bBRI 19551 aBromwich, Thomas John I'Anson,d1875-1929.920874813aAn introduction to the theory of infinite series /cby T.J. I'a. Bromwich & T.M. Macrobert a2nd ed. aNew York :bMacmillan & Co.,c1955. axv, 535 p. :bill. ;c24 cm. aSpine title: Infinite series. aIncludes bibliographical references and indexes. 0aSeries, Infinite.9152435 aMacrobert, T.M. 9208749 2ddccBK c70522d70522 00102ddc40718NFICaRUCLbRUCLcReadingd1956-12-03eGuup Mar.g1.10l0o515.243 BRI 1955r2017-04-18 00:00:00tC-1w2017-04-18yBK